[Event "IV Copa Mercosur"]
[Site "Vicente Lopez ARG"]
[Date "2001.07.03"]
[Round "9"]
[White "Dorin,M"]
[Black "Limp,E"]
[Result "0-1"]
[WhiteElo "2410"]
[BlackElo "2465"]

1.e4 e6 2.d4 d5 3.Nc3 Nf6 4.e5 Nfd7 5.f4 c5 6.Nce2 Nc6 7.c3 cxd4 8.cxd4 Nb6
9.Nf3 Bd7 10.a3 a5 11.Nc3 a4 12.Be3 Na5 13.Nd2 Bc6 14.Bf2 f5 15.exf6 Qxf6
16.Qh5+ g6 17.Qe5 Qxe5+ 18.fxe5 Bh6 19.Nf3 Nbc4 20.Rb1 O-O 21.Bd3 Nb3 22.Ke2 Rf7
23.Bxc4 dxc4 24.Be3 Bxe3 25.Kxe3 h6 26.Rbd1 Rd8 27.h4 Rfd7 28.Ne4 Bxe4 29.Kxe4 Nc5+
30.Ke3 Nd3 31.Rd2 Rf7 32.Rf1 Nf4 33.Rdf2 Nd5+ 34.Ke2 Rf4 35.Kd2 Rdf8 36.Ke2 Re4+
37.Kd2 Ref4 38.Ke2 Rg4 39.Kd2 b5 40.Kc1 Ne3 41.Rg1 Kg7 42.Kd2 Nd5 43.Rff1 Rgf4
44.Re1 Rg4 45.Ref1 g5 46.hxg5 hxg5 47.g3 Rf5 48.Rg2 Kg6 49.Rff2 Re4 50.Kc1 Re3
51.Nd2 Re1+ 52.Kc2 Ne3+ 53.Kc3  0-1

[Event "Australian Masters"]
[Site "Melbourne AUS"]
[Date "2001.07.14"]
[Round "8"]
[White "Dizdarevic,M"]
[Black "Bjelobrk,I"]
[Result "0-1"]
[WhiteElo "2095"]
[BlackElo "2197"]

1.e4 e6 2.d4 d5 3.Nc3 Nf6 4.e5 Nfd7 5.f4 c5 6.Nf3 Nc6 7.Be3 cxd4 8.Nxd4 Bc5
9.Qd2 O-O 10.O-O-O Bxd4 11.Bxd4 a6 12.h4 b5 13.h5 Qa5 14.Kb1 Nxd4 15.Qxd4 b4
16.Ne2 Nc5 17.h6 g6 18.g4 Rb8 19.Rh3 Bd7 20.Rf3 Ne4 21.Nc1 Bb5 22.Nb3 Qc7
23.Bd3 Rfc8 24.Rc1 Bxd3 25.Rxd3 a5 26.Nd2 Nc5 27.Re3 a4 28.b3 Qa7 29.Rf3 Ra8
30.Qb2 Ne4 31.Nxe4 dxe4 32.Rff1 a3 33.Qa1 Rc3 34.Rcd1 Rac8 35.Rd6 Qc7 36.Rdd1 Rxb3+  0-1

[Event "ch-SUI"]
[Site "Scuol SUI"]
[Date "2001.07.15"]
[Round "4"]
[White "Ambrosini,N"]
[Black "Moor,O"]
[Result "1/2-1/2"]
[WhiteElo "2221"]
[BlackElo "2357"]

1.e4 e6 2.d4 d5 3.Nc3 Nf6 4.e5 Nfd7 5.f4 c5 6.Nf3 Nc6 7.Be3 a6 8.Qd2 cxd4
9.Nxd4 Bc5 10.O-O-O O-O 11.h4 Bxd4 12.Bxd4 b5 13.Rh3 Qa5 14.Kb1 b4 15.Ne2 Nc5
16.Bxc5 Qxc5 17.Nd4 a5 18.Nxc6 Qxc6 19.g4 Qc7 20.Qe3 a4 21.Rd4 Qb6 22.Qd2 Rb8
23.Rf3 f6 24.exf6 Rxf6 25.g5 Rf8 26.Re3 Bd7 27.Bh3 e5 28.Rxd5 exf4 29.Red3 Bxh3
30.Rxh3 f3 31.Rh1 b3 32.cxb3 axb3 33.axb3 f2 34.Rf1 Qg6+ 35.Qc2 Rbe8 36.Qxg6 hxg6
37.Rdd1 Re4 38.Kc2 Rxh4 39.Rd2 Rhf4 40.b4 R8f5 41.b5 Rxg5 42.Rfxf2 Rxf2 43.Rxf2 Rxb5
44.Kd3 Rf5 45.Rg2 g5 46.b4 Kf7 47.Rb2 Rb5 48.Kc4 Rb8 49.Kd4 Kg6 50.Ke3 Kf5
51.b5 Kg4 52.Kf2 Kh3 53.Kg1 g4 54.Rh2+ Kg3 55.Rg2+ Kh4 56.Rb2 Rb6 57.Kg2 g6
58.Rb3 Kg5  1/2-1/2

[Event "Asian U20"]
[Site "Tehran IRI"]
[Date "2001.07.20"]
[Round "11"]
[White "Al Sayed,Mohamad"]
[Black "Rathnakaran,K"]
[Result "0-1"]
[WhiteElo "2299"]
[BlackElo "2258"]

1.e4 e6 2.d4 d5 3.Nc3 Nf6 4.e5 Nfd7 5.f4 c5 6.Nf3 Nc6 7.Be3 a6 8.Qd2 b5 9.dxc5 Nxc5
10.Qf2 b4 11.Bxc5 bxc3 12.b3 Qa5 13.Bxf8 Kxf8 14.Bd3 Rb8 15.Nd4 Nxd4 16.Qxd4 Qb4
17.Qf2 a5 18.a3 Qb6 19.Qxb6 Rxb6 20.Kf2 Ke7 21.Ke3 Bd7 22.Kd4 Rc8 23.h4 h5
24.Rh3 g6 25.Bf1 a4 26.b4 Rbc6 27.Rb1 Rc4+ 28.Bxc4 Rxc4+ 29.Ke3 Bb5 30.Re1 Kd7
31.Kf2 Kc6 32.Rd1 d4 33.Rhd3 Kd5 34.Kf3 Bc6 35.g4 Bb5 36.gxh5 gxh5 37.Rg1 Rc7
38.Rdd1 Bc6 39.Rg8 Kc4+ 40.Ke2 Be4 41.Rd8 Bxc2 42.R1xd4+ Kb3 43.b5 Rb7 44.Rc8 Rxb5
45.Rdc4 Kxa3 46.Rxc3+ Bb3 47.Ra8 Kb2 48.Rc7 a3 49.Rxf7 a2 50.Rfa7 Rb4 51.Ke3 Bd5
52.Rd8 Rb3+ 53.Kd2 Ra3 54.Rb8+ Bb3 55.Rc7 Ra4 56.Rc2+ Ka3 57.Rc1 Rxf4 58.Rh1 Bd5
59.Rc1 Rd4+ 60.Ke3 Rb4 61.Rxb4 Kxb4 62.Kf4 Kb3 63.Kg5 Be4 64.Ra1 Kb2 65.Rxa2+ Kxa2
66.Kxh5 Kb3  0-1

[Event "Lasker Mem Open"]
[Site "Barlinek CZE"]
[Date "2001.07.22"]
[Round "6"]
[White "Dobrowolski,A"]
[Black "Gleizerov,E"]
[Result "0-1"]
[WhiteElo "2222"]
[BlackElo "2587"]

1.e4 e6 2.d4 d5 3.Nc3 Nf6 4.e5 Nfd7 5.f4 c5 6.Nf3 a6 7.Be3 Qb6 8.a3 Nc6 9.Be2 Qa7
10.Qd2 cxd4 11.Nxd4 Bc5 12.Rd1 O-O 13.b4 Bxd4 14.Bxd4 Nxd4 15.Qxd4 Qxd4 16.Rxd4 Nb6
17.a4 Bd7 18.a5 Na4 19.Ne4 b5 20.axb6 Nxb6 21.Nd6 a5 22.b5 a4 23.Kd2 f6 24.Ke3 a3
25.Ra1 a2 26.c4 dxc4 27.Bxc4 Ra3+ 28.Ke2 fxe5 29.fxe5 Rfa8 30.Bd3 Rb3 31.Be4 Ra5
32.Rd2 Na4 33.Ke1 Nc3 34.Nc4 Raxb5 35.Rxd7 Rb1+ 36.Bxb1 Rxb1+  0-1

[Event "Dutch Open"]
[Site "Dieren NED"]
[Date "2001.07.23"]
[Round "6"]
[White "Stellwagen,D"]
[Black "Span,P"]
[Result "1-0"]
[WhiteElo "2337"]
[BlackElo "2228"]

1.e4 e6 2.d4 d5 3.Nc3 Nf6 4.e5 Nfd7 5.f4 c5 6.Nf3 Nc6 7.Be3 cxd4 8.Nxd4 Bc5
9.Qd2 Nxd4 10.Bxd4 Bxd4 11.Qxd4 Qb6 12.Qxb6 Nxb6 13.a4 Bd7 14.a5 Nc4 15.Bxc4 dxc4
16.Kf2 Bc6 17.Rhd1 f6 18.Rd6 O-O 19.exf6 Rxf6 20.g3 g5 21.Ke3 gxf4+ 22.gxf4 Rh6
23.a6 Rxh2 24.Rg1+ Kh8 25.axb7 Bxb7 26.Rd7 Bd5 27.f5 Rf8 28.Re7 Rh6 29.Kd4 Rd8
30.Kc5 Rh5 31.f6 Rf8 32.Kd6 Rh6 33.Rxa7 Rhxf6 34.Rgg7 Rh6 35.Nxd5 exd5+ 36.Kxd5 Rh4
37.Rgc7 Rg8 38.Kc5 Rg5+ 39.Kb6 Rg6+ 40.Kb5 Rg5+ 41.Ka4 Rg8 42.Rab7 Rgg4 43.Rb5 h6
44.Ka3 Rg7 45.Rc6 Kh7 46.c3 Rg6 47.Rb7+ Rg7 48.Rbb6 Rg2 49.Rb4 Rgg4 50.Rb8 Rg2
51.Rbc8 Rhh2 52.R6c7+ Kg6 53.Rg8+ Kf5 54.Rxg2 Rxg2 55.Rxc4 h5 56.b4 Rg8 57.b5 Rh8
58.Rh4 Kg5 59.Rh1 h4 60.Kb4 Kf4 61.c4 Ke5 62.c5 Ke6 63.c6 h3 64.Kc5 Rh5+
65.Kb6 Rh8 66.c7 h2 67.Rxh2  1-0

[Event "ch-Paris Open"]
[Site "Paris FRA"]
[Date "2001.07.24"]
[Round "4"]
[White "Helstroffer,A"]
[Black "Baillon,O"]
[Result "1-0"]
[WhiteElo "2056"]
[BlackElo "2223"]

1.e4 e6 2.d4 d5 3.Nc3 Nf6 4.e5 Nfd7 5.f4 c5 6.Nf3 Nc6 7.Be3 cxd4 8.Nxd4 Qb6
9.Qd2 Qxb2 10.Rb1 Qa3 11.Bb5 Nxd4 12.Bxd4 Bb4 13.Rb3 Qa5 14.O-O a6 15.Rfb1 Be7
16.Bxd7+ Bxd7 17.Rxb7 Rc8 18.Qe3 Rc4 19.f5 Bc8 20.Rxe7+ Kxe7 21.Qg5+ Ke8
22.Bb6 Qxb6+ 23.Rxb6 Rxc3 24.Rd6 Bd7 25.Qxg7 Rf8 26.Rxd7  1-0

[Event "ch-Paris Open"]
[Site "Paris FRA"]
[Date "2001.07.24"]
[Round "4"]
[White "Santo Roman,M"]
[Black "Fievet,P"]
[Result "1-0"]
[WhiteElo "2426"]
[BlackElo "2132"]

1.e4 e6 2.d4 d5 3.Nc3 Nf6 4.e5 Nfd7 5.f4 c5 6.Nf3 Nc6 7.Be3 a6 8.Qd2 b5 9.Bd3 g6
10.O-O Bb7 11.Qf2 Qb6 12.Kh1 cxd4 13.Nxd4 Nxd4 14.Bxd4 Bc5 15.Ne2 Bxd4 16.Nxd4 Rc8
17.Rae1 Qd8 18.f5 Qe7 19.fxe6 fxe6 20.Qg3 Nf8 21.Rf6 Rc7 22.Ref1 Bc8 23.Bxb5+ axb5
24.Nxb5 Rc6 25.Nd6+ Rxd6 26.exd6 Qd7 27.Qf4 Kd8 28.Rxf8+ Rxf8 29.Qxf8+ Qe8
30.Qg7  1-0

[Event "Czech Open"]
[Site "Pardubice CZE"]
[Date "2001.07.25"]
[Round "6"]
[White "Dumitrescu,D"]
[Black "Duppel,M"]
[Result "1/2-1/2"]
[WhiteElo "2333"]
[BlackElo "2455"]

1.d4 e6 2.e4 d5 3.Nc3 Nf6 4.e5 Nfd7 5.Nf3 c5 6.dxc5 Nc6 7.Bf4 Bxc5 8.Bd3 f6
9.exf6 Qxf6 10.Ng5 Qf7 11.O-O  1/2-1/2

[Event "MTO"]
[Site "Biel SUI"]
[Date "2001.08.01"]
[Round "9"]
[White "Konguvel,P"]
[Black "Vuckovic,Bo"]
[Result "0-1"]
[WhiteElo "2371"]
[BlackElo "2497"]

1.e4 e6 2.d4 d5 3.Nc3 Nf6 4.e5 Nfd7 5.Nce2 c5 6.c3 cxd4 7.cxd4 Nc6 8.f4 Qb6
9.Nf3 f6 10.a3 Be7 11.h4 O-O 12.Rh3 Na5 13.b4 Nc4 14.Nc3 a5 15.b5 Rf7 16.Bd3 Nf8
17.h5 Bd7 18.Qc2 fxe5 19.fxe5 Rxf3 20.Rxf3 Qxd4 21.Bxc4 Qxc4 22.Qe2 Rc8 23.Qxc4 Rxc4
24.Bd2 Be8 25.h6 Ng6 26.hxg7 Nxe5 27.Rh3 Kxg7 28.a4 Bf6 29.Ke2 Bg6 30.Rf1 Ng4
31.Rf4 Rxf4 32.Bxf4 d4 33.Nd1 e5 34.Bd2 Bc2 35.Nb2 e4 36.Ke1 b6 37.Nc4 e3
38.Nxb6 exd2+ 39.Kxd2 d3 40.Nc4 Bg5+ 41.Kc3 Nf2 42.Rf3 Ne4+ 43.Kd4 d2 44.Nxd2 Nxd2
45.Rg3 Kf6 46.b6 Be4 47.Kc5 Bb7 48.Kb5 Ne4 49.Rh3 Nd6+ 50.Kc5 Ke6 51.g4 Bg2
52.Rb3 Be4 53.Kd4 Bf6+ 54.Kc5 Bh4 55.Rb2 Be1 56.Kd4 Bb4 57.Re2 Kd7 58.Rh2 Kc6  0-1

[Event "HZ Open"]
[Site "Vlissingen NED"]
[Date "2001.08.01"]
[Round "6"]
[White "Leenhouts,K"]
[Black "Groffen,H"]
[Result "1-0"]
[WhiteElo "2111"]
[BlackElo "2218"]

1.e4 e6 2.d4 d5 3.Nc3 Nf6 4.e5 Nfd7 5.Nce2 c5 6.c3 cxd4 7.cxd4 Nc6 8.f4 f6
9.Nf3 fxe5 10.fxe5 Bb4+ 11.Nc3 O-O 12.Be3 Qb6 13.Qd2 a5 14.a3 Be7 15.Bd3 Qd8
16.O-O a4 17.Qc2 h6 18.Nxa4 Na5 19.Rf2 Nb6 20.Nxb6 Qxb6 21.Raf1 Bd7 22.Bh7+ Kh8
23.Nh4  1-0

[Event "HZ Open"]
[Site "Vlissingen NED"]
[Date "2001.08.02"]
[Round "7"]
[White "Werner,Cle"]
[Black "Leenhouts,K"]
[Result "1-0"]
[WhiteElo "2395"]
[BlackElo "2111"]

1.e4 e6 2.d4 d5 3.Nc3 Nf6 4.e5 Nfd7 5.f4 c5 6.Nf3 Nc6 7.Be3 cxd4 8.Nxd4 Bc5
9.Qd2 O-O 10.g3 a6 11.Bg2 Qc7 12.Nce2 Nxd4 13.Bxd4 b5 14.O-O b4 15.c3 bxc3
16.Qxc3 Bxd4+ 17.Qxd4 Rb8 18.Rfc1 Qa5 19.Rc2 Rb4 20.Qe3 Nb6 21.b3 Bb7 22.Nd4 Rc8
23.a3 Kf8 24.Rxc8+ Nxc8 25.Qe1 Rb5 26.Nxb5 Qxb5 27.Qb4+ Ne7 28.Qxb5 axb5
29.Bf1 Bc6 30.Rc1  1-0

[Event "Slavonija"]
[Site "Vinkovci CRO"]
[Date "2001.08.03"]
[Round "2"]
[White "Damjanovic,M"]
[Black "Goric,E"]
[Result "1/2-1/2"]
[WhiteElo "2305"]
[BlackElo "2300"]

1.e4 e6 2.d4 d5 3.Nc3 Nf6 4.e5 Nfd7 5.f4 c5 6.Nf3 Nc6 7.Be3 cxd4 8.Nxd4 Nxd4
9.Bxd4 Nb8 10.a3 Nc6 11.Bb5 Bd7 12.Bxc6 bxc6 13.Na4 Qa5+ 14.c3 Be7 15.b4 Qc7
16.O-O O-O  1/2-1/2

[Event "FSIMB August"]
[Site "Budapest HUN"]
[Date "2001.08.04"]
[Round "1"]
[White "Resika,N"]
[Black "Kun,G"]
[Result "1/2-1/2"]
[WhiteElo "2203"]
[BlackElo "2274"]

1.e4 e6 2.d4 d5 3.Nc3 Nf6 4.e5 Nfd7 5.f4 c5 6.Nf3 a6 7.Be3 Qb6 8.Qd2 Qxb2
9.Rb1 Qa3 10.Rb3 Qa5 11.Be2 Nc6 12.O-O c4 13.Rbb1 Bb4 14.Rxb4 Qxb4 15.f5 exf5
16.Nxd5 Qxd2 17.Nxd2 O-O 18.Nxc4 h6 19.Nd6 Rd8 20.c3 Rb8 21.g4 f4 22.Nxf4 Nf8
23.Nxf7 Kxf7 24.Ng6+ Kxg6 25.Bd3+ Bf5 26.Rxf5 Nxe5 27.Rxe5+ Kf7 28.Bc4+ Kg6
29.Bd3+ Kf7  1/2-1/2

[Event "FSIMB August"]
[Site "Budapest HUN"]
[Date "2001.08.05"]
[Round "2"]
[White "Jamrich,G"]
[Black "Schneider Zinner,H"]
[Result "0-1"]
[WhiteElo "2246"]
[BlackElo "2329"]

1.e4 e6 2.d4 d5 3.Nc3 Nf6 4.e5 Nfd7 5.Nce2 c5 6.c3 Nc6 7.f4 Qb6 8.Nf3 Be7
9.a3 a5 10.b3 O-O 11.h4 f6 12.Rh3 Qc7 13.Qc2 b6 14.Bd2 Ba6 15.a4 Rac8 16.f5 fxe5
17.fxe6 e4 18.exd7 Qxd7 19.Ne5 Nxe5 20.dxe5 Qxh3 21.gxh3 Bxh4+ 22.Kd1 Rxf1+
23.Be1 Rxe1+  0-1

[Event "US Open"]
[Site "Framingham USA"]
[Date "2001.08.07"]
[Round "4"]
[White "Friedel,J"]
[Black "Arluck,W"]
[Result "1-0"]
[WhiteElo "2221"]
[BlackElo "2065"]

1.e4 e6 2.d4 d5 3.Nc3 Nf6 4.e5 Nfd7 5.f4 c5 6.Nf3 Nc6 7.Be3 Be7 8.Qd2 a6
9.dxc5 Nxc5 10.Qf2 Qa5 11.Bd3 Na4 12.O-O Nxb2 13.Ne2 Nb4 14.f5 N2xd3 15.cxd3 exf5
16.Nfd4 g6 17.Nf4 O-O 18.Qf3 Rd8 19.Rae1 Nc6 20.e6 Nxd4 21.Bxd4 Bxe6 22.Nxe6 fxe6
23.Qe3 Rf8 24.Rf3 Qc7 25.Qxe6+ Rf7 26.Rh3 Bc5 27.Qxg6+ Kf8 28.Qh6+ Rg7 29.Qf6+  1-0

[Event "FSIMB August"]
[Site "Budapest HUN"]
[Date "2001.08.10"]
[Round "7"]
[White "Resika,N"]
[Black "Schneider Zinner,H"]
[Result "0-1"]
[WhiteElo "2203"]
[BlackElo "2329"]

1.e4 e6 2.d4 d5 3.Nc3 Nf6 4.e5 Nfd7 5.f4 c5 6.Nf3 Nc6 7.Be3 cxd4 8.Nxd4 Bc5
9.Qd2 O-O 10.O-O-O a6 11.h4 Nxd4 12.Bxd4 b5 13.h5 b4 14.Na4 Bxd4 15.Qxd4 a5
16.Bb5 Rb8 17.Bd3 Nb6 18.Nc5 Nd7 19.h6 g6 20.Na4 Bb7 21.f5 exf5 22.Bb5 Ba8
23.e6 Nf6 24.e7 Qxe7 25.Nc5 Nh5 26.Rxh5 f6 27.Bd3 Rbc8 28.Bxf5 Rxc5 29.Bxg6 hxg6
30.h7+ Kh8  0-1

[Event "Open"]
[Site "Presov SVK"]
[Date "2001.08.15"]
[Round "5"]
[White "Pinter,E"]
[Black "Likavsky,T"]
[Result "1-0"]
[WhiteElo "2277"]
[BlackElo "2410"]

1.e4 e6 2.Nc3 d5 3.d4 Nf6 4.e5 Nfd7 5.f4 c5 6.Nf3 Nc6 7.Be3 a6 8.Qd2 b5 9.dxc5 Bxc5
10.Bxc5 Nxc5 11.Bd3 b4 12.Ne2 Qb6 13.Ned4 Nxd4 14.Nxd4 O-O 15.Qe3 a5 16.O-O Na4
17.Rab1 Ba6 18.Rf3 Bxd3 19.cxd3 Rfc8 20.h4 Rab8 21.Kh2 b3 22.a3 g6 23.h5 Kf8
24.Rbf1 Nxb2 25.f5 exf5 26.g4 Rc3 27.gxf5 g5 28.Ne6+ Ke8 29.Ng7+ Kd8 30.Qxg5+ Kc8
31.e6 Rb7 32.f6 fxe6 33.f7 Qd6+ 34.Kh1 Rxf7 35.Rxf7 Nxd3 36.Nf5 exf5 37.Qg8+ Qd8
38.Rf8 Qxf8 39.Qxf8+ Kb7 40.Qxf5 b2 41.Qxd5+  1-0

[Event "Rubinstein Open"]
[Site "Polanica Zdroj POL"]
[Date "2001.08.16"]
[Round "1"]
[White "Skrzypnik,M"]
[Black "Bronowicki,M"]
[Result "1-0"]
[WhiteElo "2275"]
[BlackElo "2075"]

1.e4 e6 2.d4 d5 3.Nc3 Nf6 4.e5 Nfd7 5.f4 c5 6.Nf3 Nc6 7.Be3 a6 8.Qd2 b5 9.Ne2 Qb6
10.g3 b4 11.Bh3 cxd4 12.Nexd4 Nc5 13.Nb3 Na5 14.Bxc5 Bxc5 15.Nxc5 Qxc5 16.Qf2 Qxf2+
17.Kxf2 Nc4 18.a3 Rb8 19.axb4 Nxb2 20.c3 Ke7  1-0

[Event "TCh-ESP Div 2"]
[Site "Vila Real ESP"]
[Date "2001.08.16"]
[Round "4"]
[White "Cabezas Ayala,I"]
[Black "Piay Augusto,M"]
[Result "1-0"]
[WhiteElo "2317"]
[BlackElo "2119"]

1.e4 e6 2.d4 d5 3.Nc3 Nf6 4.e5 Ne4 5.Nxe4 dxe4 6.Be3 c5 7.dxc5 Nd7 8.Qg4 Qc7
9.Qxe4 Qxe5 10.Qxe5 Nxe5 11.Be2 Bd7 12.f4 Nc6 13.O-O-O Nb4 14.Bf3 Bc6 15.a3 Bxf3
16.Nxf3 Nd5 17.Rhe1 Nxe3 18.Rxe3 Bxc5 19.Re5 Rc8 20.f5 Rc6 21.fxe6 fxe6 22.Ng5 O-O
23.Rxc5 Rxc5 24.Nxe6 Rcf5 25.Nxf8 Kxf8 26.b3 Ke7 27.Rd2 Rf1+ 28.Kb2 g5 29.b4 h5
30.c4 g4 31.c5 h4 32.Kc3 Rh1 33.g3 hxg3 34.hxg3 Ra1 35.Kb3 Rf1 36.Kc4 Ke6
37.Kd4 Kf5 38.b5 Rb1 39.c6 bxc6 40.bxc6 Rb8 41.c7 Rc8 42.Rc2 Ke6 43.Ke4  1-0

[Event "Open"]
[Site "Presov SVK"]
[Date "2001.08.17"]
[Round "7"]
[White "Manik,M"]
[Black "Balogh,Pe"]
[Result "1/2-1/2"]
[WhiteElo "2414"]
[BlackElo "2290"]

1.e4 e6 2.d4 d5 3.Nc3 Nf6 4.e5 Nfd7 5.f4 c5 6.Nf3 Nc6 7.Be3 cxd4 8.Nxd4 Bc5
9.Qd2 O-O 10.g3 a6 11.Bg2 Bxd4 12.Bxd4 b5 13.O-O b4 14.Ne2 a5 15.Rfe1 Ba6
16.Bf2 Qc7 17.Nd4 Rfc8 18.Rac1 Nxd4 19.Bxd4 Nc5 20.Qe3 Rab8 21.g4 Ne4 22.f5 Kh8
23.Kh1  1/2-1/2

[Event "Rubinstein Open"]
[Site "Polanica Zdroj POL"]
[Date "2001.08.20"]
[Round "5"]
[White "Zawadzka,J"]
[Black "Bronowicki,M"]
[Result "0-1"]
[WhiteElo "2064"]
[BlackElo "2075"]

1.e4 e6 2.d4 d5 3.Nc3 Nf6 4.e5 Nfd7 5.f4 c5 6.Nf3 Nc6 7.Be3 a6 8.Qd2 b5 9.dxc5 Bxc5
10.Bxc5 Nxc5 11.Qf2 Qb6 12.Bd3 b4 13.Ne2 a5 14.O-O Ba6 15.Kh1 Na4 16.Qxb6 Nxb6
17.b3 Ke7 18.Ned4 Nxd4 19.Nxd4 Rhc8 20.Bxa6 Rxa6  0-1

[Event "Rubinstein Open"]
[Site "Polanica Zdroj POL"]
[Date "2001.08.20"]
[Round "5"]
[White "Lukaszewski,M"]
[Black "Vysochin,S"]
[Result "0-1"]
[WhiteElo "2196"]
[BlackElo "2542"]

1.e4 e6 2.d4 d5 3.Nc3 Nf6 4.e5 Nfd7 5.f4 c5 6.Nf3 Nc6 7.Be3 a6 8.Qd2 b5 9.Be2 Bb7
10.O-O b4 11.Nd1 Qb6 12.c3 a5 13.f5 exf5 14.Ng5 cxd4 15.cxd4 Ne7 16.Rc1 h6
17.Nh3 g5 18.Bh5 Bg7 19.e6 Nf6 20.Bxf7+ Kf8 21.Kh1 Ne4 22.Qc2 Ba6 23.Re1 f4
24.Bg1 Rc8 25.Qa4 Bb5 26.Rxc8+ Nxc8 27.Qc2 Ncd6 28.Ndf2 Ke7 29.Bg6 Rc8 30.Qd1 Nxf2+
31.Bxf2 Nc4 32.Qf3 Qd6 33.b3 Nd2 34.Qh5 Rf8 35.Bf7 Ne4 36.Bg1 Bd3 37.Qf3 Qa6
38.Nf2 Nxf2+ 39.Bxf2 Be4 40.Qh5 Qc6 41.Qe2 Rc8 42.Qh5 Rf8 43.Qe2 Rh8 44.Qh5 Qc2
45.Qe2 Qxe2 46.Rxe2 f3 47.Rxe4 dxe4 48.d5 Rc8 49.gxf3 exf3 50.h4 Be5  0-1

[Event "Open"]
[Site "Lisbon POR"]
[Date "2001.08.21"]
[Round "1"]
[White "Gallagher,Jo"]
[Black "Caselas Cabanas,J"]
[Result "0-1"]
[WhiteElo "2516"]
[BlackElo "2328"]

1.e4 e6 2.d4 d5 3.Nc3 Nf6 4.e5 Nfd7 5.f4 c5 6.Nf3 Nc6 7.Be3 cxd4 8.Nxd4 Bc5
9.Qd2 O-O 10.O-O-O Nxd4 11.Bxd4 a6 12.h4 b5 13.Rh3 Bb7 14.Kb1 Qc7 15.Ne2 a5
16.Bxc5 Nxc5 17.Nd4 Ne4 18.Qe3 b4 19.Bd3 a4 20.Bxe4 dxe4 21.Nb5 Qa5 22.Nd6 Bd5
23.Qd4 Rfb8 24.f5 Ra6 25.Rg3 Kf8 26.fxe6 Bxe6 27.Qxe4 Kg8 28.Rgd3 h6 29.h5 Rab6
30.Nf5 Qc5 31.Rg3 b3  0-1

[Event "Open"]
[Site "Lisbon POR"]
[Date "2001.08.23"]
[Round "3"]
[White "Gallagher,Jo"]
[Black "Fargere,J"]
[Result "1-0"]
[WhiteElo "2516"]
[BlackElo "2051"]

1.e4 e6 2.d4 d5 3.Nc3 Nf6 4.e5 Nfd7 5.f4 c5 6.Nf3 Nc6 7.Be3 cxd4 8.Nxd4 a6
9.Qd2 Nxd4 10.Bxd4 Bc5 11.O-O-O b5 12.Ne4 Be7 13.Ng5 h6 14.Nf3 Nc5 15.Kb1 Bb7
16.Bd3 Nxd3 17.cxd3 Rc8 18.g4 h5 19.h3 hxg4 20.hxg4 Kd7 21.Rhf1 g6 22.f5 gxf5
23.gxf5 Kc7 24.f6 Bf8 25.Ng5 Qd7 26.Qa5+ Kb8 27.Qb6 Rc6 28.Qa7+ Kc7 29.Rc1 Bh6
30.Rxc6+ Qxc6 31.Nxf7 Ra8 32.Qxa8 Bxa8 33.Nxh6  1-0

[Event "Rubinstein Open"]
[Site "Polanica Zdroj POL"]
[Date "2001.08.23"]
[Round "8"]
[White "Dobrowolski,A"]
[Black "Bronowicki,M"]
[Result "1/2-1/2"]
[WhiteElo "2222"]
[BlackElo "2075"]

1.e4 e6 2.d4 d5 3.Nc3 Nf6 4.e5 Nfd7 5.f4 c5 6.Nf3 Nc6 7.Be3 a6 8.Qd2 b5 9.dxc5 Bxc5
10.Bxc5 Nxc5 11.Qf2 Qb6 12.b4 Nd7 13.a4 bxa4 14.Qxb6 Nxb6 15.Nxa4 Nxa4 16.Rxa4 Ra7
17.c3 O-O 18.Kd2 d4 19.Nxd4 Rd7 20.Ke3 Nxd4  1/2-1/2

[Event "Schwarzach Open A"]
[Site "Salzburg AUT"]
[Date "2001.08.25"]
[Round "1"]
[White "Hiermann,D"]
[Black "Ebner,Joh"]
[Result "1-0"]
[WhiteElo "2294"]
[BlackElo "2098"]

1.e4 e6 2.d4 d5 3.Nc3 Nf6 4.e5 Nfd7 5.f4 c5 6.Nf3 Nc6 7.Be3 a6 8.Qd2 b5 9.h4 b4
10.Nd1 Be7 11.h5 Qb6 12.g4 f6 13.exf6 Nxf6 14.dxc5 Bxc5 15.Bxc5 Qxc5 16.Nf2 Ne4
17.Nxe4 dxe4 18.Ng5 e3 19.Qd3 b3 20.c3 Ke7 21.Rh3 h6 22.Ne4 Qd5 23.Rxe3 Qxd3
24.Bxd3 bxa2 25.Rxa2 e5 26.f5 a5 27.Bb5 Na7 28.Rxa5 Bb7  1-0

[Event "ADCF Masters"]
[Site "Abu Dhabi UAE"]
[Date "2001.08.29"]
[Round "5"]
[White "Salem,Gh"]
[Black "Bagirov,R"]
[Result "0-1"]
[WhiteElo "2295"]
[BlackElo "2458"]

1.e4 e6 2.d4 d5 3.Nc3 Nf6 4.e5 Nfd7 5.Bd3 c5 6.dxc5 Nxe5 7.Bb5+ Bd7 8.Qe2 Bxb5
9.Qxb5+ Qd7 10.Bf4 Ng6 11.Be3 Be7 12.Nf3 O-O 13.b4 a5 14.bxa5 Qxb5 15.Nxb5 Rxa5
16.Nd6 b6 17.c4 bxc5 18.Nb7 Ra7 19.Nxc5 Rc7 20.Na4 Rxc4 21.Nb6 Rc2 22.Nd4 Rb2
23.Na4 Rb4 24.Nc3 Bf6 25.Nce2 e5 26.Nf5 d4 27.Bd2 Rb2 28.Bc1 Rc2 29.Neg3 Nd7
30.Ne4 Ra8 31.O-O Rcxa2 32.Rxa2 Rxa2 33.f4 Bd8 34.fxe5 Bb6 35.Ned6 Ndxe5
36.Rd1 Ra1 37.Kf1 d3 38.Ne4 f6 39.Nfd6 Be3  0-1

[Event "Open"]
[Site "Lisbon POR"]
[Date "2001.08.29"]
[Round "9"]
[White "Rodrigues,Af"]
[Black "Fluvia Poyatos,J"]
[Result "0-1"]
[WhiteElo "2114"]
[BlackElo "2474"]

1.e4 e6 2.d4 d5 3.Nc3 Nf6 4.e5 Nfd7 5.Nce2 c5 6.c3 Nc6 7.f4 cxd4 8.cxd4 Bb4+
9.Nc3 f6 10.Nf3 O-O 11.Bd3 fxe5 12.Bxh7+ Kxh7 13.Ng5+ Kg8 14.dxe5 Qe8 15.Be3 Nb6
16.Qd3 Qh5 17.g4 Qh4+ 18.Ke2 Qxg4+  0-1

[Event "ADCF Masters"]
[Site "Abu Dhabi UAE"]
[Date "2001.09.03"]
[Round "9"]
[White "Safin,S"]
[Black "Barsov,A"]
[Result "0-1"]
[WhiteElo "2529"]
[BlackElo "2495"]

1.e4 e6 2.d4 d5 3.Nc3 Nf6 4.e5 Nfd7 5.f4 c5 6.Nf3 Nc6 7.Be3 cxd4 8.Nxd4 Qb6
9.Qd2 Qxb2 10.Rb1 Qa3 11.Bb5 Nxd4 12.Bxd4 Bb4 13.Rb3 Qa5 14.O-O O-O 15.Qe3 Nb6
16.Kh1 Rd8 17.f5 exf5 18.e6 Bxe6 19.Bxg7 Kxg7 20.Qg5+ Kf8 21.Qh6+ Ke7 22.Qh4+ f6
23.Rxb4 h5 24.Ne2 Nc4 25.c3 Nd2 26.Re1 Ne4 27.Ba4 Qc7 28.c4 d4 29.Ng3 Nxg3+
30.hxg3 d3 31.Qf4 Qxf4 32.Rxb7+ Kf8 33.gxf4 Bxc4 34.Ree7 d2 35.Bd1 Re8 36.Rxe8+ Rxe8
37.Bxh5 Re1+ 38.Kh2 d1=Q 39.Bxd1 Rxd1  0-1

[Event "TCh-YUG"]
[Site "Herceg Novi YUG"]
[Date "2001.09.05"]
[Round "3"]
[White "Markovic,Iv YUG"]
[Black "Kosic,D"]
[Result "0-1"]
[WhiteElo "2504"]
[BlackElo "2508"]

1.e4 e6 2.d4 d5 3.Nc3 Nf6 4.e5 Nfd7 5.f4 c5 6.Nf3 Nc6 7.Ne2 Qb6 8.c3 f6 9.a3 Be7
10.b4 cxd4 11.cxd4 O-O 12.Qd3 Qc7 13.Qc3 b5 14.f5 fxe5 15.fxe6 exd4 16.Nexd4 Nde5
17.Nxc6 Nxf3+ 18.gxf3 Bf6 19.Qc5 Re8 20.e7 Bxa1 21.Bxb5 Kh8 22.Bg5 Bd7 23.O-O Bf6
24.Bxf6 gxf6 25.Re1 a6 26.Ba4 Rac8 27.Qd4 Qd6 28.Nd8 Rxe7  0-1

[Event "TCh-YUG"]
[Site "Herceg Novi YUG"]
[Date "2001.09.07"]
[Round "5"]
[White "Pavlovic,N"]
[Black "Saric,Ig"]
[Result "1-0"]
[WhiteElo "2294"]
[BlackElo "2317"]

1.e4 e6 2.d4 d5 3.Nc3 Nf6 4.e5 Nfd7 5.f4 c5 6.Nf3 Nc6 7.Be3 cxd4 8.Nxd4 Bc5
9.Qd2 Qe7 10.O-O-O Nb6 11.Kb1 O-O 12.Ncb5 a6 13.Nxc6 bxc6 14.Nd4 Bxd4 15.Bxd4 c5
16.Qa5 Nd7 17.Qa3 Bb7 18.Rd3 Qh4 19.g3 Qh5 20.Bxc5 Nxc5 21.Qxc5 d4 22.Rg1 Qxh2
23.Qxd4 Rad8 24.Qe3 Be4 25.b4 g6 26.Be2 Bxd3 27.Bxd3 Rb8 28.a3 a5 29.b5 Rfd8
30.Rc1 a4 31.c4 Qh6 32.c5 Qf8 33.Rc3 Qe7 34.c6 Qc7 35.Qc5 Rd5 36.Qb4 Qb6
37.Qxa4 Kg7 38.Kb2 Qf2+ 39.Kb3 Qb6 40.c7 Rxd3 41.cxb8=Q Rxc3+ 42.Kxc3 Qxb8
43.Qc4 Qa7 44.Kb4 Qe3 45.a4 Qxg3 46.b6 Qe1+ 47.Kb5 Qb1+ 48.Kc5 h5 49.a5 Qg1+
50.Qd4 Qc1+ 51.Kd6 Qa3+ 52.Kc7  1-0

[Event "FSIMA September"]
[Site "Budapest HUN"]
[Date "2001.09.09"]
[Round "9"]
[White "Resika,N"]
[Black "Kun,G"]
[Result "0-1"]
[WhiteElo "2203"]
[BlackElo "2274"]

1.e4 e6 2.d4 d5 3.Nc3 Nf6 4.e5 Nfd7 5.f4 c5 6.Nf3 Nc6 7.Be3 a6 8.Qd2 b5 9.dxc5 Bxc5
10.Bxc5 Nxc5 11.Qf2 Qb6 12.Bd3 b4 13.Ne2 a5 14.O-O Ba6 15.Kh1 Ne7 16.Ng3 Na4
17.Qxb6 Nxb6 18.Nd4 g6 19.a3 Bxd3 20.cxd3 Kd7 21.a4 Rhc8 22.Nge2 h5 23.Kg1 Rc5
24.Rfc1 Rxc1+ 25.Nxc1 Nc6 26.Nxc6 Kxc6 27.Nb3 Kd7 28.Kf2 Rc8 29.Nd4 Ke7 30.Ke3 f6
31.exf6+ Kxf6 32.Kd2 Nd7 33.Re1 Nc5 34.b3 Ke7 35.Re5 Rf8 36.g3 h4 37.Rg5 hxg3
38.hxg3 Kf6 39.Re5 Rh8 40.Re2 Rh3 41.Re3 Rh2+ 42.Re2 Rh1 43.Kc2 Rg1 44.Re3 Rg2+
45.Kc1 Kf7 46.Kd1 Rb2 47.Kc1 Rh2 48.Kd1 Kf6 49.Kc1 Rh6 50.Kc2 g5 51.fxg5+ Kxg5
52.Re2 Kg4 53.Nc6 Kf3 54.Rd2 Rh7 55.Nxa5 Ke3 56.Rg2 Nxd3 57.g4 Ne1+  0-1

[Event "5th Pablo Gorbea Mem Open"]
[Site "Madrid ESP"]
[Date "2001.09.10"]
[Round "4"]
[White "Gonzalez Somoza,O"]
[Black "Arencibia,J"]
[Result "1/2-1/2"]
[WhiteElo "2051"]
[BlackElo "2418"]

1.e4 e6 2.d4 d5 3.Nc3 Nf6 4.e5 Nfd7 5.f4 c5 6.Nce2 cxd4 7.Nxd4 Nc6 8.Ngf3 Bc5
9.c3 Qb6 10.b4 Nxd4 11.Nxd4 Bxd4 12.Qxd4 Qxd4 13.cxd4 Nb6 14.Bd2 Bd7 15.Rc1 O-O
16.Bd3  1/2-1/2

[Event "TCh-CRO"]
[Site "Pula CRO"]
[Date "2001.09.11"]
[Round "2"]
[White "Armanda,I"]
[Black "Vargic,D"]
[Result "1-0"]
[WhiteElo "2337"]
[BlackElo "2275"]

1.e4 e6 2.d4 d5 3.Nc3 Nf6 4.e5 Nfd7 5.f4 c5 6.Nf3 Nc6 7.Bd3 cxd4 8.Ne2 Bb4+
9.Bd2 Qb6 10.O-O Nc5 11.Ng3 Nxd3 12.cxd3 h5 13.Bxb4 Qxb4 14.Rf2 Bd7 15.Rc1 Ne7
16.h4 Qb6 17.Rfc2 Nc6 18.a3 Ne7 19.Qd2 g6 20.Rc5 Rc8 21.Rxc8+ Bxc8 22.Qb4 Nc6
23.Qxb6 axb6 24.Nxd4 Bd7 25.Nge2 Ke7 26.Rc3 f6 27.Nf3 Ra8 28.b4 fxe5 29.fxe5 Rf8
30.Kh2 Na7 31.Ned4 Nc6 32.Kg3 Kd8 33.Nxc6+ bxc6 34.Nd4 Kc7 35.Rxc6+ Kb7 36.Rd6 Bc8
37.Nxe6 Re8 38.Nf4 Rxe5 39.Rxd5 Re1 40.Nxg6 Ra1 41.Rxh5 Rxa3 42.Rd5 Be6 43.Rd4 Kc6
44.h5 Ra2 45.h6 Ra7 46.Kh4  1-0